| 000 | nam a22 7a 4500 | ||
|---|---|---|---|
| 999 |
_c342310 _d342310 |
||
| 003 | NUST | ||
| 005 | 20171218102010.0 | ||
| 008 | 171218b xxu||||| |||| 00| 0 eng d | ||
| 040 | _c0 | ||
| 082 | _a808.6607 KHA | ||
| 100 |
_aKhalid,A.R _97403 |
||
| 245 |
_aFun-e-Khbar Nawesi (urdu title) فن حبر نویسی _cA.R.Khalid |
||
| 260 |
_aLahore _bMaktaba karwan _c1980. |
||
| 300 | _a144p. | ||
| 500 | _aP.B | ||
| 942 |
_2ddc _cBK _kIESE |
||